Microelectronic circuits (Record no. 1329)

000 -LEADER
fixed length control field 00597nam a22002177a 4500
001 - CONTROL NUMBER
control field 1329
003 - CONTROL NUMBER IDENTIFIER
control field BD-DhUET
008 - FIXED-LENGTH DATA ELEMENTS--GENERAL INFORMATION
fixed length control field 140903b xxu||||| |||| 00| 0 eng d
020 ## - INTERNATIONAL STANDARD BOOK NUMBER
International Standard Book Number 0195680847
040 ## - CATALOGING SOURCE
Transcribing agency 0
Modifying agency BD-DhUET
082 ## - DEWEY DECIMAL CLASSIFICATION NUMBER
Classification number 623.8153
Item number SED/1982
100 ## - MAIN ENTRY--PERSONAL NAME
Personal name Sedra, Adel.S
245 ## - TITLE STATEMENT
Title Microelectronic circuits
Statement of responsibility, etc. by Adel S. Sedra and Kenneth C. Smith
250 ## - EDITION STATEMENT
Edition statement 5th ed.
260 ## - PUBLICATION, DISTRIBUTION, ETC. (IMPRINT)
Place of publication, distribution, etc. New York
Name of publisher, distributor, etc. Oxford University Press
Date of publication, distribution, etc. 1982
300 ## - PHYSICAL DESCRIPTION
Extent xxi, 1283 p.
Other physical details ill.
Dimensions 22 cm.
504 ## - BIBLIOGRAPHY, ETC. NOTE
Bibliography, etc Includes bibliographies
650 #0 - SUBJECT ADDED ENTRY--TOPICAL TERM
Topical term or geographic name as entry element Electronic-Circuits
700 ## - ADDED ENTRY--PERSONAL NAME
Personal name Smith, Kenneth C.
942 ## - ADDED ENTRY ELEMENTS (KOHA)
Koha item type General Book
Holdings
Shelving location Koha normalized classification for sorting Koha item type Copy number Koha renewals Source of classification or shelving scheme Piece designation (barcode) Damaged status Koha date last seen Not for loan Withdrawn status Location (home branch) Price effective from Date acquired Koha out on loan Lost status Koha issues (times borrowed) Koha full call number Koha date last borrowed Sublocation or collection (holding branch)
Circulation section623_000000000000000_8153SED200Guide Book11 103871 2022-05-22  Central Library, BUET2014-09-032014-09-03  9623.8153/SED/20042021-12-21Central Library, BUET
Circulation section623_815300000000000_SED_2004General Book21 103866 2026-01-20  Central Library, BUET2014-09-032007-05-282026-02-03 7623.8153/SED/20042026-01-20Central Library, BUET
Circulation section623_000000000000000_8153SED200Guide Book3  103867 2022-11-22  Central Library, BUET2014-09-032014-09-032022-12-06 13623.8153/SED/20042022-11-22Central Library, BUET
Circulation section623_000000000000000_8153SED200Guide Book4  103868 2016-02-27  Central Library, BUET2014-09-032014-09-032017-02-26 2623.8153/SED/20042016-02-27Central Library, BUET
Circulation section623_000000000000000_8153SED200Guide Book5  103870 2024-06-02  Central Library, BUET2014-09-032014-09-03  12623.8153/SED/20042024-03-06Central Library, BUET
Circulation section623_000000000000000_8153SED200Guide Book62 103873 2025-09-08  Central Library, BUET2014-09-032014-09-03  13623.8153/SED/20042025-08-24Central Library, BUET
Circulation section623_000000000000000_8153SED200Guide Book81 103872 2023-06-05  Central Library, BUET2014-09-032014-09-032023-06-19 16623.8153/SED/20042023-06-05Central Library, BUET
Circulation section623_000000000000000_8153SED200Guide Book9  103874 2025-10-18  Central Library, BUET2014-09-032014-09-03  18623.8153/SED/20042025-09-24Central Library, BUET
Circulation section623_000000000000000_8153SED200Guide Book10  101693 2020-02-10  Central Library, BUET2014-10-272014-10-272021-02-09 5623.8153/SED/20042020-02-10Central Library, BUET
Circulation section623_815300000000000_SED_1982General Book11  107789 2026-03-08  Central Library, BUET2014-11-292014-11-29  1623.8153/SED/19822014-12-08Central Library, BUET
Circulation section623_815300000000000_SED_1982General Book12  101692 2025-04-29  Central Library, BUET2016-03-272016-03-272025-05-13 10623.8153/SED/19822025-04-29Central Library, BUET